000 00686nam a22002057a 4500
003 0
005 20240904090405.0
008 240904b xxu||||| |||| 00| 0 eng d
022 _2978-1-0719-1560-8
050 _aBF 713
_b.K88 2024
100 _aKuther, Tara L.
245 _aLifespan development in context:
_ba topical approach
_cTara L. Kuther
250 _aSecond edition
260 _aLos Angeles
_bSage Publications
_c2024
300 _axlv, 912 pages :
_bcolored illustrations and pictures ;
_c26cm.
504 _aIncludes bibliographical references, index, and glossary.
650 _aDevelopmental psychology.
650 _aLife cycle, human.
942 _2lcc
_cBK
999 _c366163
_d366163